| 000 | 00625cam a22002171 4500 | ||
|---|---|---|---|
| 001 | sa 68011813 | ||
| 003 | DLC | ||
| 005 | 20260227112604.0 | ||
| 008 | 711115s1959 ii b 00000 eng | ||
| 010 | _asa 68011813 //r862 | ||
| 043 | _aa-ii--- | ||
| 050 | 0 |
_aHE560.T83 _bN3 |
|
| 082 | _a387.1/0954/82 | ||
| 110 | 2 | 0 | _aNational Council of Applied Economic Research. |
| 245 | 1 | 0 | _aTraffic survey of the port of Tuticorin. |
| 260 | 1 |
_aNew Delhi, _c1959. |
|
| 300 |
_avii, 83 p. _bmaps. (part fold.) _c27 cm. |
||
| 350 |
_a2.50 _a($0.75) |
||
| 650 | 0 |
_aHarbors _zIndia _zTuticorin. |
|
| 651 | 0 |
_aTamil Nadu (India) _xCommerce. |
|
| 999 |
_c84127 _d84127 |
||